000 00299nam a22001337a 4500
008 171018b xxu||||| |||| 00| 0 eng d
020 _a9781574443462
041 _aeng
080 _a338
100 _a53
101 _aMEN
245 _aMANAGING HIGH-TECH SERVICES
_cBLUMBERG,D.F
942 _2udc
_cBK
999 _c34664
_d34664